000 00653nam a2200241 i 4500
001 C2-0278680
003 PPAK
005 20180728010212.0
008 070403s my a|||| ||||| | may d
020 _a9834305214
040 _aPPAK
_beng
_cPPAK
_erda
082 0 4 _a899.233
_223
090 0 0 _a899.233
_bWAN
_dK
100 0 _aWan Aimi,
_eauthor
245 1 0 _aCerita sebuah peta
264 1 _aPetaling Jaya, Selangor :
_bNijuyon Sdn. Bhd. ,
300 _a85 pages :
_bcolour illustrations ;
_c21 cm
336 _2rdacontent
_atext
337 _2rdamedia
_aunmediated
338 _2rdacarrier
_avolume
650 1 0 _aMalay fiction.
942 _ddc
_cB
999 _c85536
_d85536